[Event "Tartu Estiko Blitz op 2nd"]
[Site "Tartu"]
[Date "2025.04.24"]
[Round "3"]
[White "Kuzubov, Yuriy"]
[Black "Stremavicius, Pijus"]
[Result "0-1"]
[WhiteElo "2605"]
[BlackElo "2342"]
[PlyCount "77"]
[EventDate "2025.04.24"]
[EventType "swiss (blitz)"]
[EventRounds "9"]
[EventCountry "EST"]
[SourceTitle "CB20_2025"]
[SourceDate "2025.05.14"]
[SourceVersion "1"]
[SourceVersionDate "2025.05.14"]
[SourceQuality "1"]

1. d4 e6 2. c4 f5 3. g3 Nf6 4. Bg2 Be7 5. Nf3 d5 6. Nbd2 Ne4 7. Ne5 c6 8. 0-0 Nd7 9. Ndf3 0-0 10. Qc2 Bf6 11. b4 Nxe5 12. Nxe5 Bd7 13. c5 Be8 14. f3 Ng5 15. Rb1 a6 16. Rb3 Nf7 17. f4 Nxe5 18. dxe5 Be7 19. Bb2 Bh5 20. Bd4 Kh8 21. a4 Be8 22. e3 Rg8 23. Rfb1 g5 24. Kf2 h5 25. Bf1 h4 26. b5 axb5 27. axb5 Rg7 28. bxc6 Bxc6 29. Qe2 Qe8 30. Qf3 Ra5 31. fxg5 Bxg5 32. Be2 Qg6 33. R3b2 Be7 34. Rc1 Rh7 35. g4 Rf7 36. Kg2 Ra3 37. Kh1 f4 38. Rf1 Kg8 39. Qg2 0-1

[Event "Tartu Rapid op"]
[Site "Tartu"]
[Date "2025.04.24"]
[Round "10"]
[White "Nyback, Tomi"]
[Black "Stremavicius, Pijus"]
[Result "0-1"]
[WhiteElo "2596"]
[BlackElo "2342"]
[PlyCount "128"]
[EventDate "2025.04.24"]
[EventType "swiss (rapid)"]
[EventRounds "11"]
[EventCountry "EST"]
[SourceTitle "CB20_2025"]
[SourceDate "2025.05.14"]
[SourceVersion "1"]
[SourceVersionDate "2025.05.14"]
[SourceQuality "1"]

1. d4 e6 2. c4 f5 3. g3 Nf6 4. Bg2 Be7 5. Nf3 d5 6. Nbd2 Ne4 7. b3 Nc6 8. Bb2 Bf6 9. a3 a5 10. e3 Bd7 11. Qc2 Qe7 12. Ne5 Bxe5 13. dxe5 Nxd2 14. Qxd2 dxc4 15. bxc4 Nd8 16. e4 Bc6 17. Qe3 0-0 18. 0-0 Bxe4 19. Bxe4 fxe4 20. Qxe4 Nc6 21. Rad1 Rfd8 22. Qg4 Qf7 23. f4 g6 24. Qg5 Qf5 25. Qf6 a4 26. Bc3 b6 27. Qxf5 gxf5 28. Kf2 Kf7 29. Kf3 h5 30. h3 Rxd1 31. Rxd1 Rd8 32. Rxd8 Nxd8 33. Ke3 Nc6 34. Kd3 Ke8 35. Be1 Kd7 36. Kc3 Ke7 37. Kd3 Ke8 38. Kc3 Kd7 39. Kd3 Ne7 40. Kc3 c5 41. Kd3 Kc6 42. Ke3 b5 43. Kd3 bxc4+ 44. Kxc4 Nd5 45. Bf2 Nb6+ 46. Kd3 Kd5 47. Be3 Nd7 48. Bf2 Nb8 49. Be3 Nc6 50. Bf2 Na7 51. Be3 Nb5 52. Bc1 Nd4 53. Be3 c4+ 54. Kc3 Ne2+ 55. Kb4 c3 56. Kxa4 c2 57. Kb3 c1Q 58. Bxc1 Nxc1+ 59. Kb4 Kc6 60. a4 Ne2 61. a5 Nxg3 62. a6 Kb6 63. a7 Kxa7 64. Kc5 Ne2 0-1

[Event "LTU-chT"]
[Site "Lithuania"]
[Date "2025.01.25"]
[Round "2.14"]
[White "Bazilius, Augustinas"]
[Black "Stremavicius, Pijus"]
[Result "1-0"]
[WhiteElo "2199"]
[BlackElo "2343"]
[PlyCount "85"]
[EventDate "2025.01.24"]
[EventType "team-swiss"]
[EventRounds "7"]
[EventCountry "LTU"]
[SourceTitle "CB14_2025"]
[SourceDate "2024.11.01"]
[SourceVersion "1"]
[SourceVersionDate "2024.11.01"]
[SourceQuality "1"]
[WhiteTeam "Vilnius Juoda Balta"]
[BlackTeam "Kaunas SBK"]
[WhiteTeamCountry "LTU"]
[BlackTeamCountry "LTU"]

1. d4 e6 2. c4 b6 3. Nf3 Bb7 4. a3 Nf6 5. Nc3 d5 6. cxd5 Nxd5 7. Qc2 Be7 8. e4 Nxc3 9. bxc3 c5 10. Bd3 Nc6 11. 0-0 cxd4 12. cxd4 Rc8 13. Qe2 0-0 14. Bb2 Bf6 15. Rad1 Na5 16. e5 Be7 17. Nd2 Bd5 18. f4 g6 19. g4 Kh8 20. Ne4 Nc4 21. Ba1 Nxa3 22. Rf3 Qc7 23. Rh3 Rfd8 24. Qf2 Bxe4 25. Bxe4 Nb5 26. f5 gxf5 27. gxf5 Rg8+ 28. Kh1 Rg4 29. Qf3 Rxe4 30. Qxe4 Qc2 31. Qxc2 Rxc2 32. d5 exd5 33. e6+ d4 34. Bxd4+ Nxd4 35. Rxd4 fxe6 36. Rd7 Bc5 37. Rhxh7+ Kg8 38. fxe6 Rc1+ 39. Kg2 Rg1+ 40. Kh3 Rg6 41. e7 Re6 42. Rg7+ Kh8 43. Rf7 1-0

[Event "Riga Christmas"]
[Site "Riga"]
[Date "2024.12.15"]
[Round "9"]
[White "Stremavicius, Pijus"]
[Black "Schlegel, Igor"]
[Result "1/2-1/2"]
[WhiteElo "2351"]
[BlackElo "2265"]
[PlyCount "83"]
[EventDate "2024.12.09"]
[EventType "tourn"]
[EventRounds "9"]
[EventCountry "LAT"]
[EventCategory "3"]
[SourceTitle "CB51_2024"]
[SourceDate "2024.12.18"]
[SourceVersion "1"]
[SourceVersionDate "2024.12.18"]
[SourceQuality "1"]

1. e4 c5 2. Nf3 d6 3. Bb5+ Nd7 4. 0-0 a6 5. Bxd7+ Bxd7 6. c3 Nf6 7. Re1 Bc6 8. d4 Bxe4 9. Bg5 Bd5 10. c4 Bxc4 11. Nc3 e6 12. b3 Bb5 13. d5 Be7 14. dxe6 0-0 15. Nxb5 axb5 16. Qe2 Qb6 17. Rad1 h6 18. Bf4 Rae8 19. Qd3 Qa5 20. exf7+ Rxf7 21. Qg6 Bf8 22. Rxe8 Nxe8 23. Bxh6 Qxa2 24. Re1 Nc7 25. Be3 Rxf3 26. gxf3 Qxb3 27. Bf4 Qb4 28. Re4 Qb1+ 29. Kg2 d5 30. Bxc7 dxe4 31. Qe6+ Kh8 32. fxe4 c4 33. Qe8 Qb4 34. e5 Qe7 35. Qc8 Qg5+ 36. Kf3 Qh5+ 37. Ke3 Qg5+ 38. f4 Qg1+ 39. Ke4 Qg2+ 40. Ke3 Qg1+ 41. Ke4 Qg2+ 42. Ke3 1/2-1/2

[Event "Riga Christmas"]
[Site "Riga"]
[Date "2024.12.09"]
[Round "1"]
[White "Fiskaaen, Martin Holten"]
[Black "Stremavicius, Pijus"]
[Result "1-0"]
[WhiteElo "2311"]
[BlackElo "2351"]
[PlyCount "173"]
[EventDate "2024.12.09"]
[EventType "tourn"]
[EventRounds "9"]
[EventCountry "LAT"]
[EventCategory "3"]
[SourceTitle "CB51_2024"]
[SourceDate "2024.12.18"]
[SourceVersion "1"]
[SourceVersionDate "2024.12.18"]
[SourceQuality "1"]

1. d4 g6 2. e4 Bg7 3. Nf3 d6 4. c3 Nf6 5. Bd3 0-0 6. 0-0 Nc6 7. Re1 e5 8. h3 Nh5 9. Bc2 h6 10. a4 Qf6 11. Na3 a6 12. Be3 Nf4 13. Nc4 g5 14. Ncd2 g4 15. hxg4 Bxg4 16. Qb1 h5 17. dxe5 dxe5 18. Nh2 Be6 19. Bb3 Bh6 20. Bxe6 fxe6 21. Ndf3 Kh7 22. Bxf4 Bxf4 23. g3 Bh6 24. Qd3 Rf7 25. Rad1 Ne7 26. Qf1 Ng6 27. Rd3 h4 28. Qh3 Raf8 29. Kh1 Qe7 30. Red1 Qe8 31. Nxh4 Qc6 32. f3 Bg5 33. Nf5+ Kg8 34. Nh6+ Bxh6 35. Qxh6 Rg7 36. b3 Qb6 37. Rd7 Ne7 38. b4 Rh7 39. Qg5+ Rg7 40. Qxe5 Rh7 41. Qg5+ Rg7 42. Qc5 Qxc5 43. bxc5 Ng6 44. Rxg7+ Kxg7 45. Rb1 Rb8 46. Ng4 Kf7 47. Kg2 b5 48. cxb6 Rxb6 49. Rxb6 cxb6 50. Ne3 Ne5 51. f4 Nd3 52. Nc4 Nc5 53. Nxb6 Nxe4 54. c4 e5 55. Kf3 Nd2+ 56. Ke3 Nf1+ 57. Ke4 exf4 58. gxf4 Ke6 59. c5 Ng3+ 60. Kd3 Nh5 61. Ke3 Ng3 62. Kf3 Nf5 63. Kg4 Nd4 64. Kg5 Nf3+ 65. Kh5 Nd4 66. Kg6 Nf5 67. Kg5 Nd4 68. Kg6 Nf5 69. a5 Nh4+ 70. Kh5 Nf5 71. Na4 Ne7 72. Kg5 Nf5 73. Nc3 Nd4 74. Kg6 Nf5 75. Kg5 Nd4 76. Kg6 Nf5 77. Na4 Ne7+ 78. Kg5 Nf5 79. Nb2 Nd4 80. Nd3 Nf3+ 81. Kg6 Nh4+ 82. Kh5 Ng2 83. Kg5 Ne3 84. Nb4 Nc4 85. f5+ Ke7 86. f6+ Ke6 87. Kg6 1-0

[Event "US Masters op"]
[Site "Charlotte"]
[Date "2024.11.28"]
[Round "2"]
[White "Nyzhnyk, Illya"]
[Black "Stremavicius, Pijus"]
[Result "1-0"]
[WhiteElo "2576"]
[BlackElo "2346"]
[PlyCount "123"]
[EventDate "2024.11.27"]
[EventType "swiss"]
[EventRounds "9"]
[EventCountry "USA"]
[SourceTitle "CB49_2024"]
[SourceDate "2024.12.04"]
[SourceVersion "1"]
[SourceVersionDate "2024.12.04"]
[SourceQuality "1"]

1. Nf3 e6 2. c4 f5 3. g3 Nf6 4. Bg2 d5 5. 0-0 Be7 6. b3 0-0 7. Bb2 a5 8. Nc3 Ne4 9. cxd5 exd5 10. Rc1 c6 11. d3 Nxc3 12. Bxc3 Bf6 13. Qd2 d4 14. Bb2 Na6 15. Rc4 c5 16. Ba3 Be7 17. e3 b5 18. Rcc1 dxe3 19. Qxe3 f4 20. gxf4 Bb7 21. d4 b4 22. Bb2 Bf6 23. Rfd1 Re8 24. Ne5 Bxg2 25. Kxg2 Qd5+ 26. Qf3 Qxf3+ 27. Kxf3 cxd4 28. Bxd4 Rac8 29. Nc6 Nb8 30. Bxf6 Nxc6 31. Bb2 Ne7 32. Ke4 g6 33. Rxc8 Rxc8 34. Rc1 Ra8 35. Rc7 Nf5 36. Be5 a4 37. Rb7 axb3 38. axb3 Ra2 39. Kd5 Ra5+ 40. Kc4 Ra2 41. Kxb4 Rxf2 42. Kc5 Rxh2 43. b4 Rc2+ 44. Kd5 h5 45. b5 h4 46. Ke6 Rc8 47. Ra7 h3 48. Ra3 Re8+ 49. Kf6 Ng7 50. Rxh3 Re6+ 51. Kg5 Rb6 52. Bxg7 Kxg7 53. Rb3 Kf7 54. Rb2 Ke7 55. Re2+ Kf7 56. Re5 Rd6 57. Rc5 Rd1 58. Rc7+ Ke6 59. Rc6+ Kf7 60. Rf6+ Ke7 61. Kxg6 Rg1+ 62. Kf5 1-0

[Event "Charlotte Fall IM-A"]
[Site "Charlotte"]
[Date "2024.11.22"]
[Round "1"]
[White "Tang, Dylan"]
[Black "Stremavicius, Pijus"]
[Result "0-1"]
[WhiteElo "2192"]
[BlackElo "2346"]
[PlyCount "94"]
[EventDate "2024.11.22"]
[EventType "tourn"]
[EventRounds "9"]
[EventCountry "USA"]
[EventCategory "1"]
[SourceTitle "CB49_2024"]
[SourceDate "2024.12.04"]
[SourceVersion "1"]
[SourceVersionDate "2024.12.04"]
[SourceQuality "1"]

1. e4 c5 2. Nf3 d6 3. d4 cxd4 4. Nxd4 Nf6 5. Nc3 Nc6 6. f3 e5 7. Nb3 Be6 8. Be3 Be7 9. Qe2 0-0 10. 0-0-0 Qc8 11. a3 a6 12. Kb1 Bxb3 13. cxb3 b5 14. Nd5 Nxd5 15. Rxd5 Rd8 16. Qd2 Qe6 17. Be2 Bf6 18. Bb6 Rd7 19. Rd1 Rb8 20. Be3 Rbd8 21. Bb6 Rb8 22. Bc5 dxc5 23. Rxd7 Nd4 24. Rd5 Nxb3 25. Qe3 c4 26. Qa7 Qc8 27. Qd7 Qf8 28. Qd6 Nd4 29. Qxf8+ Kxf8 30. R1xd4 exd4 31. e5 Rd8 32. Rc5 d3 33. Bd1 Bg5 34. a4 Be3 35. Rc6 Bd4 36. f4 g5 37. g3 gxf4 38. gxf4 Be3 39. Rxa6 bxa4 40. f5 Rb8 41. Ka2 Bd4 42. Rxa4 Rxb2+ 43. Ka3 Bxe5 44. Rxc4 Rb1 45. Bg4 d2 46. f6 Bxf6 47. Rc8+ Kg7 0-1

[Event "Berlin Radtke Memorial"]
[Site "Berlin"]
[Date "2024.10.23"]
[Round "4"]
[White "Shefer, Uri"]
[Black "Stremavicius, Pijus"]
[Result "0-1"]
[WhiteElo "2128"]
[BlackElo "2346"]
[PlyCount "114"]
[EventDate "2024.10.21"]
[EventType "swiss"]
[EventRounds "9"]
[EventCountry "GER"]
[SourceTitle "CB44_2024"]
[Source "Chessbase"]
[SourceDate "2024.10.30"]
[SourceVersion "1"]
[SourceVersionDate "2024.10.30"]
[SourceQuality "1"]

1. d4 d5 2. c4 e6 3. g3 Nf6 4. Bg2 dxc4 5. Nf3 Bb4+ 6. Bd2 a5 7. Qc2 Bxd2+ 8. Qxd2 c6 9. 0-0 b5 10. Ne5 Nd5 11. e4 Nb6 12. d5 cxd5 13. exd5 exd5 14. Nc3 0-0 15. Rad1 Be6 16. Nxd5 Ra6 17. Nc3 Qxd2 18. Rxd2 b4 19. Nb5 N6d7 20. Re1 Nxe5 21. Rxe5 Nd7 22. Rxe6 Rxe6 23. Rxd7 Re1+ 24. Bf1 g6 25. Kg2 Rc8 26. Nd6 Rd1 27. Nxc8 Rxd7 28. Bxc4 Rc7 29. Ba6 a4 30. Kf3 a3 31. bxa3 bxa3 32. Ke3 Rc2 33. Ne7+ Kf8 34. Nd5 Rxa2 35. Bc4 Rc2 36. Bb3 Rb2 37. Bc4 a2 38. Bxa2 Rxa2 39. Kf3 Rd2 40. Nf4 Ke7 41. g4 Kf6 42. Nh3 h6 43. Nf4 Ra2 44. Ng2 Ke5 45. Ne3 Ra3 46. h3 Rc3 47. Kg2 Ke4 48. Nf1 Kf4 49. Ng3 Rxg3+ 50. fxg3+ Ke3 51. h4 g5 52. Kh2 Kf2 53. Kh3 Kf3 54. Kh2 Kxg4 55. hxg5 hxg5 56. Kg2 f5 57. Kf2 Kh3 0-1

[Event "Vilnius Summer op-A"]
[Site "Vilnius"]
[Date "2024.07.30"]
[Round "3"]
[White "Malisauskas, Vidmantas"]
[Black "Stremavicius, Pijus"]
[Result "1-0"]
[WhiteElo "2296"]
[BlackElo "2393"]
[PlyCount "59"]
[EventDate "2024.07.29"]
[EventType "swiss"]
[EventRounds "6"]
[EventCountry "LTU"]
[SourceTitle "EXT 2025"]
[Source "ChessBase"]
[SourceDate "2024.10.14"]
[SourceVersion "1"]
[SourceVersionDate "2024.10.14"]
[SourceQuality "1"]

1. e4 c6 2. d4 d5 3. exd5 cxd5 4. Bd3 Nc6 5. c3 e6 6. Bf4 Bd6 7. Bxd6 Qxd6 8. Nd2 Nge7 9. Qh5 Bd7 10. Ngf3 h6 11. 0-0 g6 12. Qh4 0-0-0 13. Ne5 Rdf8 14. Qf6 Be8 15. b4 Nf5 16. Nxc6 Bxc6 17. b5 Bd7 18. Bxf5 gxf5 19. c4 Rhg8 20. c5 Qf4 21. c6 Qxd2 22. Qe7 Rd8 23. Rac1 Qxd4 24. cxd7+ Kb8 25. Qd6+ Ka8 26. Qc7 Rb8 27. Rc3 f6 28. Rfc1 Qe5 29. Qxe5 fxe5 30. Rc8 1-0

[Event "Vilnius Summer op-A"]
[Site "Vilnius"]
[Date "2024.07.30"]
[Round "2"]
[White "Stremavicius, Pijus"]
[Black "Eigminas, Kipras"]
[Result "1/2-1/2"]
[WhiteElo "2393"]
[BlackElo "2089"]
[PlyCount "84"]
[EventDate "2024.07.29"]
[EventType "swiss"]
[EventRounds "6"]
[EventCountry "LTU"]
[SourceTitle "EXT 2025"]
[Source "ChessBase"]
[SourceDate "2024.10.14"]
[SourceVersion "1"]
[SourceVersionDate "2024.10.14"]
[SourceQuality "1"]

1. e4 c5 2. Nf3 Nc6 3. Bb5 d6 4. 0-0 Bd7 5. Re1 a6 6. Bxc6 Bxc6 7. d4 cxd4 8. Nxd4 Rc8 9. Nc3 Nf6 10. Bg5 e6 11. Nd5 Be7 12. Nxe7 Qxe7 13. Nf5 exf5 14. exf5 Be4 15. Bxf6 gxf6 16. f3 d5 17. fxe4 dxe4 18. Qg4 h5 19. Qf4 Kf8 20. Rxe4 Qc5+ 21. Re3 Re8 22. Rae1 Rxe3 23. Rxe3 Qxc2 24. h4 Qxb2 25. Qd6+ Kg7 26. Rg3+ Kh6 27. Qf4+ Kh7 28. Qf3 Qd4+ 29. Kh2 Kh6 30. Qe3+ Qxe3 31. Rxe3 Rb8 32. Re7 Kg7 33. Kg3 Rc8 34. Rxb7 Rc2 35. Ra7 Rxa2 36. Ra8 Ra4 37. Kh3 a5 38. Ra6 Ra3+ 39. g3 a4 40. Ra8 Ra1 41. Kg2 Ra2+ 42. Kh3 Ra1 1/2-1/2

[Event "Parnu Keres rapid op 5th"]
[Site "Parnu"]
[Date "2024.07.28"]
[Round "2"]
[White "Kalinin, Oleg2"]
[Black "Stremavicius, Pijus"]
[Result "0-1"]
[WhiteElo "1665"]
[BlackElo "2393"]
[PlyCount "132"]
[EventDate "2024.07.28"]
[EventType "swiss (rapid)"]
[EventRounds "7"]
[EventCountry "EST"]
[SourceTitle "CBM 221 Extra"]
[Source "ChessBase"]
[SourceDate "2024.09.30"]
[SourceVersion "1"]
[SourceVersionDate "2024.09.30"]
[SourceQuality "1"]

1. e4 d6 2. d4 Nf6 3. Nc3 g6 4. Nf3 Bg7 5. Be3 c6 6. Bc4 b5 7. Bb3 b4 8. e5 bxc3 9. exf6 exf6 10. bxc3 a5 11. a4 Ba6 12. c4 d5 13. c5 0-0 14. Qd2 Nd7 15. c3 f5 16. Bc2 Re8 17. 0-0-0 Rb8 18. Rde1 Qc8 19. Bf4 Qb7 20. Rxe8+ Rxe8 21. Re1 Rxe1+ 22. Qxe1 Nf6 23. Qe5 h6 24. Qb8+ Qxb8 25. Bxb8 Bf1 26. Ne5 Ne4 27. Bxe4 Bxe5 28. Bxe5 dxe4 29. g3 Bc4 30. Kb2 g5 31. Bc7 Kg7 32. Bxa5 f4 33. gxf4 gxf4 34. Bc7 f3 35. Kc1 e3 36. Bg3 e2 37. Kd2 Kg6 38. Bf4 h5 39. h4 Kf5 40. Bg5 f6 41. Bh6 Kg4 42. Bg7 Kf5 43. Bh6 Ba6 44. Bg7 Kg6 45. Bf8 Kf7 46. Bh6 Bc4 47. Ke1 Bb3 48. a5 Bc4 49. Kd2 Ke6 50. Bf8 Kf5 51. Be7 Bb5 52. Ke1 Ke6 53. Bd8 Bc4 54. Kd2 f5 55. Bg5 Kd5 56. Ke1 Ke4 57. Kd2 Bb5 58. Bf6 f4 59. Bg5 Kf5 60. Ke1 Kg4 61. Kd2 Kh3 62. Bxf4 Kxh4 63. Bg3+ Kh3 64. Bd6 Kg2 65. Bg3 Kf1 66. Bh4 e1Q+ 0-1

[Event "Parnu Keres rapid op 5th"]
[Site "Parnu"]
[Date "2024.07.28"]
[Round "1"]
[White "Stremavicius, Pijus"]
[Black "Kais, Kristofer"]
[Result "1-0"]
[WhiteElo "2393"]
[BlackElo "1628"]
[PlyCount "133"]
[EventDate "2024.07.28"]
[EventType "swiss (rapid)"]
[EventRounds "7"]
[EventCountry "EST"]
[SourceTitle "CBM 221 Extra"]
[Source "ChessBase"]
[SourceDate "2024.09.30"]
[SourceVersion "1"]
[SourceVersionDate "2024.09.30"]
[SourceQuality "1"]

1. b3 d5 2. Bb2 Nf6 3. Nf3 e6 4. e3 Be7 5. g4 h6 6. Rg1 Rg8 7. h4 Nbd7 8. g5 hxg5 9. hxg5 Ne4 10. g6 fxg6 11. Rxg6 Bf6 12. Bxf6 Nexf6 13. d4 Qe7 14. Nbd2 b6 15. Bd3 Bb7 16. Qe2 0-0-0 17. 0-0-0 e5 18. Bf5 Kb8 19. Rdg1 e4 20. Nh4 Nf8 21. R6g3 a6 22. Kb2 Ka7 23. Bh3 N6h7 24. Nf5 Qf6 25. Rxg7 Rxg7 26. Rxg7 Ng5 27. Qg4 Nfe6 28. Re7 Rh8 29. Bg2 Rf8 30. Bh3 Nxh3 31. Qxh3 Qxf5 32. Qxf5 Rxf5 33. Rxe6 Rxf2 34. Nb1 Re2 35. Re7 Kb8 36. Nc3 Rxe3 37. Re5 Re1 38. Nxd5 Bxd5 39. Rxd5 e3 40. Re5 Kb7 41. Kc3 e2 42. d5 Rd1 43. Rxe2 Rxd5 44. Kc4 Rc5+ 45. Kd4 Rh5 46. a4 Rh4+ 47. Kc3 Rh3+ 48. Kb2 a5 49. Re4 Rh2 50. Rd4 Rg2 51. Kc3 Rg3+ 52. Rd3 Rxd3+ 53. Kxd3 Kc6 54. Kc4 Kd6 55. Kb5 Kd5 56. c3 Kd6 57. c4 Kd7 58. c5 bxc5 59. Kxc5 Kc8 60. Kb5 Kb7 61. Kxa5 Ka7 62. Kb5 Kb7 63. b4 Ka7 64. Kc6 Kb8 65. a5 Kc8 66. b5 Kb8 67. a6 1-0

[Event "Parnu Keres op-A 5th"]
[Site "Parnu"]
[Date "2024.07.23"]
[Round "3"]
[White "Stremavicius, Pijus"]
[Black "Platonovs, Nikolajs"]
[Result "1-0"]
[WhiteElo "2393"]
[BlackElo "2092"]
[PlyCount "73"]
[EventDate "2024.07.22"]
[EventType "swiss"]
[EventRounds "9"]
[EventCountry "EST"]
[SourceTitle "CBM 221 Extra"]
[Source "ChessBase"]
[SourceDate "2024.09.30"]
[SourceVersion "1"]
[SourceVersionDate "2024.09.30"]
[SourceQuality "1"]

1. e4 c5 2. Nc3 d6 3. f4 Nc6 4. Bb5 Bd7 5. Nf3 e6 6. 0-0 Nge7 7. a4 a6 8. Bc4 g6 9. d4 cxd4 10. Nxd4 Bg7 11. Be3 0-0 12. Nb3 Qc7 13. a5 Nb4 14. Be2 Nc8 15. Qd2 b6 16. axb6 Nxb6 17. Rad1 Nc4 18. Bxc4 Qxc4 19. Qxd6 Nxc2 20. Na5 Qc8 21. Bf2 Bb5 22. Nxb5 axb5 23. Nc6 Qa6 24. Rc1 Qa4 25. Qd2 Na1 26. Rxa1 Qxa1 27. Rxa1 Rxa1+ 28. Be1 Rfa8 29. Kf2 Bxb2 30. Ne7+ Kg7 31. Qxb2+ f6 32. Qb4 R8a2+ 33. Bd2 Rd1 34. Ke3 Kf7 35. Nc6 Raxd2 36. Qxd2 Rxd2 37. Kxd2 1-0

[Event "Cesis op 3rd"]
[Site "Cesis"]
[Date "2024.06.18"]
[Round "3"]
[White "Stremavicius, Pijus"]
[Black "Rogule, Laura"]
[Result "1-0"]
[WhiteElo "2385"]
[BlackElo "2254"]
[PlyCount "97"]
[EventDate "2024.06.17"]
[EventType "swiss"]
[EventRounds "8"]
[EventCountry "LAT"]
[SourceTitle "EXT 2025"]
[Source "ChessBase"]
[SourceDate "2024.10.14"]
[SourceVersion "1"]
[SourceVersionDate "2024.10.14"]
[SourceQuality "1"]

1. e4 e5 2. Bc4 Nf6 3. d3 Bc5 4. Nc3 h6 5. Be3 Bxe3 6. fxe3 c6 7. Qf3 b5 8. Bb3 a5 9. a3 Qe7 10. Nge2 Na6 11. Ng3 d6 12. 0-0 Nc5 13. Ba2 0-0 14. d4 Bg4 15. Qf2 b4 16. axb4 axb4 17. dxc5 bxc3 18. cxd6 Qxd6 19. bxc3 Qc5 20. h3 Be6 21. Bxe6 fxe6 22. Rxa8 Rxa8 23. Qd2 Ra3 24. Qd8+ Qf8 25. Qc7 Qe8 26. Qxe5 Nd7 27. Qd4 c5 28. Qc4 Kh8 29. Rd1 Qe7 30. Qb5 Nf6 31. Qb8+ Kh7 32. Qe5 Ra6 33. Kh2 Qa7 34. Qf4 Qe7 35. e5 Nd5 36. Qe4+ Kg8 37. Rb1 Qc7 38. c4 Nc3 39. Rb7 Nxe4 40. Rxc7 Nd2 41. Rxc5 Ra2 42. Nh5 Rxc2 43. Rc8+ Kh7 44. Rc7 Nf1+ 45. Kg1 Nxe3 46. Rxg7+ Kh8 47. Rg6 Kh7 48. Rg3 Rc1+ 49. Kf2 1-0

[Event "LTU-ch"]
[Site "Vilnius"]
[Date "2024.05.24"]
[Round "7"]
[White "Klabis, Rokas"]
[Black "Stremavicius, Pijus"]
[Result "1/2-1/2"]
[WhiteElo "2409"]
[BlackElo "2370"]
[PlyCount "41"]
[EventDate "2024.05.19"]
[EventType "tourn"]
[EventRounds "9"]
[EventCountry "LTU"]
[EventCategory "5"]
[SourceTitle "CBM 220 Extra"]
[Source "ChessBase"]
[SourceDate "2024.07.31"]
[SourceVersion "1"]
[SourceVersionDate "2024.07.31"]
[SourceQuality "1"]

1. e4 e6 2. d4 d5 3. Nd2 c5 4. exd5 exd5 5. Ngf3 Nc6 6. Bb5 Qe7+ 7. Be2 Qc7 8. 0-0 Nf6 9. Re1 cxd4 10. Nb3 Bb4 11. Bd2 Bxd2 12. Qxd2 0-0 13. Nbxd4 Bg4 14. c3 Qb6 15. Bd3 Rfe8 16. Nxc6 Bxf3 17. Ne7+ Kf8 18. Nf5 Be4 19. Bxe4 dxe4 20. Qd6+ Qxd6 21. Nxd6 1/2-1/2

[Event "LTU-ch"]
[Site "Vilnius"]
[Date "2024.05.22"]
[Round "5"]
[White "Laurusas, Tomas"]
[Black "Stremavicius, Pijus"]
[Result "1-0"]
[WhiteElo "2576"]
[BlackElo "2370"]
[PlyCount "95"]
[EventDate "2024.05.19"]
[EventType "tourn"]
[EventRounds "9"]
[EventCountry "LTU"]
[EventCategory "5"]
[SourceTitle "CBM 220 Extra"]
[Source "ChessBase"]
[SourceDate "2024.07.31"]
[SourceVersion "1"]
[SourceVersionDate "2024.07.31"]
[SourceQuality "1"]

1. d4 d5 2. c4 e6 3. Nc3 Nf6 4. cxd5 exd5 5. Bg5 c6 6. e3 h6 7. Bh4 Be7 8. Bd3 0-0 9. Nge2 Re8 10. 0-0 a5 11. Qc2 Na6 12. a3 Nc7 13. Bg3 Ne6 14. Rab1 Bf8 15. Rfc1 Ng5 16. Nf4 Nge4 17. b4 Nxg3 18. hxg3 Bd6 19. Bf5 Bxf5 20. Qxf5 Qe7 21. Nd3 g6 22. Qf3 Kg7 23. Rc2 h5 24. b5 Ne4 25. a4 Rh8 26. bxc6 bxc6 27. Nf4 Ng5 28. Qe2 h4 29. g4 h3 30. g3 Rae8 31. Kh2 Bb4 32. Rf1 Qd7 33. Nd3 c5 34. Ne5 Rxe5 35. dxe5 d4 36. exd4 cxd4 37. Qd3 Bxc3 38. f4 Qxg4 39. fxg5 Qxg5 40. Rcf2 Rf8 41. Qc4 Qe7 42. Rf6 Qb7 43. R1f3 Be1 44. Qxd4 Qb4 45. Qxb4 Bxb4 46. Kxh3 Be7 47. Ra6 Bb4 48. Ra7 1-0